| 000 | 00973nam a2200181 i 4500 | ||
|---|---|---|---|
| 001 | 165495 | ||
| 003 | ES-MaACL | ||
| 005 | 20230906213141.0 | ||
| 008 | 960520s1877 sp |||| | spa d | ||
| 110 | 2 |
_aSociedad Montañesa-Galaico-Leonesa. _9134899 |
|
| 245 | 1 | 0 |
_aMemorias facultativas y economico-administrativa referentes a la explotacion de las minas de oro existentes en las margenes del Sil / _cpor la Sociedad Montañesa-Galaico-Leonesa fundada legalmente en virtud de escritura publica otorgada en Santander ante el notario D. Ricardo Cajigal. |
| 260 |
_aSantander : _b[s.n.], _c1877 ( _fImp. y lit. de Telesforo Martínez) |
||
| 300 |
_a30, 9 p. ; _c21 cm. |
||
| 594 | _aMemoria económico-administrativa sobre la constitución de la compañía especial minera denominada Montañesa-Galaico-Leonesa; con port. y pag. propias. | ||
| 650 | 4 |
_aMinas de oro- _zGalicia. _9136641 |
|
| 650 | 4 |
_aOro- _xExplotaciones- _zGalicia. _9136639 |
|
| 852 |
_aES-MaACL _j1607-F-13 |
||
| 999 |
_c165495 _d165495 |
||